00573nam a2200169Ia 4500003000900000008004100009040001600050080002200066100002400088245011900112260006800231300001500299490003800314650001700352700001700369700001700386IN-BaIIA211028s9999 xx 000 0 eng d cIIA Library a523.985(063)bTAN aTandberg-Hanssen, E 0aSolar flares and coronal physics using P/OF as a research toolcE. Tandberg-Hanssen, R. M. Wilson and H. S. Hudson aHuntsvillebNational Aeronautics and Space Administrationc1986 avii, 303p. aNASA conference publication; 2421 aSolar flares aHudson, H. S aWilson, R. M